Normal view
MARC view
Entry Personal Name
001 - CONTROL NUMBER
- control field: 38820
003 - CONTROL NUMBER IDENTIFIER
- control field: OSt
005 - DATE AND TIME OF LATEST TRANSACTION
- control field: 20160218121719.0
008 - FIXED-LENGTH DATA ELEMENTS
- fixed length control field: 160218|| aca||aabn | a|a d
040 ## - CATALOGING SOURCE
- Original cataloging agency: OSt
- Transcribing agency: OSt
100 ## - HEADING--PERSONAL NAME
- Personal name: खरे डॉ. रामस्वरूम
670 ## - SOURCE DATA FOUND
- Source citation: Work cat.: (OSt)28627: खरे डॉ. रामस्वरूम , भाषा विज्ञान , 1985









